00309nam a2200109Ia 4500008004100000100004300041245003300084260004800117300000900165942000800174999001700182190216s9999||||xx |||||||||||||| ||und|| a"Harbans Singh, Agrawal Gg, Sharma Tc" 0aMedical Entrance Examination b"Neelam Agencies Publications, Agra"c1985 a345p cREF c35543d35543